[Event "Chigorin Memorial 2019"]
[Site "St Petersburg RUS"]
[Date "2019.10.05"]
[Round "1.26"]
[White "Kuzmin, Roman"]
[Black "Khegay, Dmitriy"]
[Result "1/2-1/2"]
[BlackTitle "IM"]
[WhiteElo "2013"]
[BlackElo "2509"]
[WhiteFideId "44134932"]
[BlackFideId "24153729"]
[EventDate "2019.10.05"]

1. e4 Nc6 2. Nf3 d6 3. d4 Nf6 4. Nc3 g6 5. h3 Bg7 6. Be3 O-O 7. Qd2 e5 8. d5 Ne7
9. Bh6 Ne8 10. Bxg7 Nxg7 11. Qh6 f6 12. h4 Bd7 13. Be2 b5 14. a3 a6 15. g4 Kh8
16. Nd2 Qb8 17. Qe3 c6 18. dxc6 Bxc6 19. O-O-O Ne6 20. g5 Nf4 21. Bf3 b4 22.
axb4 Qxb4 23. Ncb1 Rab8 24. Qa3 fxg5 25. hxg5 Ne6 26. Rdg1 Qxa3 27. Nxa3 Nd4 28.
Bd1 Rxf2 29. Nac4 Rd8 30. Rg3 Ne6 31. Bf3 Kg7 32. Ne3 Nd4 33. Ng4 Rxf3 34. Rxf3
Nxf3 35. Nxf3 Ng8 36. Rd1 Rd7 37. c4 h5 38. gxh6+ Nxh6 39. Nxh6 Kxh6 40. b4 Ba4
41. Rd5 Rf7 42. Nd2 Rf6 43. Ra5 Bd7 44. Rxa6 g5 45. c5 g4 46. c6 Bc8 47. Ra3 d5
48. exd5 Rd6 49. Nc4 Rxd5 50. Nb6 Rd6 51. b5 Be6 52. Re3 Kg5 53. Rxe5+ Kf4 54.
Re1 g3 55. c7 g2 56. c8=Q Bxc8 57. Nxc8 Rd5 58. Na7 Kf3 59. Kb2 Kf2 60. Rc1 Re5
61. b6 Re7 62. Ka3 Rb7 63. Nc8 Rb8 64. Rc2+ Kf3 65. Rxg2 Kxg2 66. Kb4 Rxc8 1/2-1/2

[Event "Chigorin Memorial 2019"]
[Site "St Petersburg RUS"]
[Date "2019.10.05"]
[Round "1.27"]
[White "Burmakin, Vladimir"]
[Black "Bondareva, Daria"]
[Result "1-0"]
[WhiteTitle "GM"]
[BlackTitle "WCM"]
[WhiteElo "2496"]
[BlackElo "2012"]
[WhiteFideId "4105109"]
[BlackFideId "44131356"]
[EventDate "2019.10.05"]

1. Nf3 Nf6 2. g3 e6 3. Bg2 Be7 4. c4 d5 5. d4 O-O 6. Qc2 dxc4 7. Qxc4 a6 8. Qc2
Nc6 9. O-O Nb4 10. Qd1 c5 11. a3 Nbd5 12. dxc5 Qc7 13. Bd2 Bxc5 14. Nc3 Nxc3 15.
Bxc3 Ne4 16. Bd4 Bxd4 17. Qxd4 Nf6 18. Rac1 Qe7 19. Rfd1 b5 20. Qe5 Bd7 21. Nd4
Rab8 22. Nf5 Qd8 23. Nxg7 Kxg7 24. Rc7 Kg8 25. Rd4 h5 26. Qg5+ Kh7 27. Rcxd7
Qxd7 28. Qxf6 Qxd4 29. Qxd4 Kg6 30. Qe5 Rb6 31. Qc5 Rfb8 32. h4 f6 33. Be4+ f5
34. Bf3 b4 35. Qe7 bxa3 36. Qg5+ Kh7 37. Qxh5+ Kg7 38. Qg5+ Kh7 39. bxa3 1-0

[Event "Chigorin Memorial 2019"]
[Site "St Petersburg RUS"]
[Date "2019.10.05"]
[Round "1.28"]
[White "Saveljev, Ivan"]
[Black "Zontakh, Andrey"]
[Result "0-1"]
[BlackTitle "GM"]
[WhiteElo "2010"]
[BlackElo "2485"]
[WhiteFideId "54158257"]
[BlackFideId "14101130"]
[EventDate "2019.10.05"]

1. e4 c5 2. Nf3 e6 3. c3 Nf6 4. e5 Nd5 5. d4 cxd4 6. cxd4 d6 7. a3 Nc6 8. Bd3
dxe5 9. dxe5 g6 10. Qe2 Bg7 11. O-O O-O 12. Bd2 Nce7 13. Nc3 Nxc3 14. Bxc3 Nd5
15. Bd2 Bd7 16. Rac1 Qb6 17. b4 Rac8 18. Rfe1 a6 19. Qe4 Bb5 20. Bb1 Qd8 21.
Rxc8 Qxc8 22. Qh4 Qc4 23. Qxc4 Bxc4 24. Ng5 Rd8 25. f4 Bf8 26. Ne4 a5 27. Rc1 b5
28. bxa5 Bxa3 29. Re1 Ra8 30. Nd6 Bc5+ 31. Kh1 Bb4 32. Bxb4 Nxb4 33. Nxc4 bxc4
34. Rc1 Rxa5 35. Rxc4 Nd5 36. Rc1 Nxf4 37. g3 Ne2 38. Re1 Nd4 39. Kg2 Nc6 40.
Kf3 Nxe5+ 41. Kf4 g5+ 0-1

[Event "Chigorin Memorial 2019"]
[Site "St Petersburg RUS"]
[Date "2019.10.05"]
[Round "1.29"]
[White "Nesterov, Arseniy"]
[Black "Strukova, Ksenia"]
[Result "1-0"]
[BlackTitle "WCM"]
[WhiteElo "2473"]
[BlackElo "2002"]
[WhiteFideId "24198455"]
[BlackFideId "34106623"]
[EventDate "2019.10.05"]

1. d4 Nf6 2. c4 g6 3. Nf3 Bg7 4. g3 O-O 5. Bg2 d6 6. O-O Nbd7 7. Nc3 e5 8. e4
exd4 9. Nxd4 Re8 10. h3 Nc5 11. Re1 a5 12. Kh2 Nfd7 13. Be3 Nb6 14. b3 a4 15.
Rc1 axb3 16. axb3 c6 17. Qc2 Ne6 18. Nde2 Rf8 19. Red1 Nd7 20. Rxd6 Qe7 21. Rdd1
f5 22. exf5 Rxf5 23. Nd4 Nxd4 24. Bxd4 Bxd4 25. Rxd4 Qf8 26. f4 Nc5 27. Rcd1 Be6
28. b4 Na6 29. b5 Nb4 30. Qe2 Re8 31. Re4 Rf6 32. Re1 Qd6 33. Re5 Qd3 34. Ne4
Rf5 35. Rxf5 Qxe2 36. Nf6+ 1-0

[Event "Chigorin Memorial 2019"]
[Site "St Petersburg RUS"]
[Date "2019.10.05"]
[Round "1.30"]
[White "Zhukov, Maksim"]
[Black "Mikaelyan, Arman"]
[Result "1-0"]
[WhiteTitle "FM"]
[BlackTitle "GM"]
[WhiteElo "2000"]
[BlackElo "2479"]
[WhiteFideId "34181790"]
[BlackFideId "13304852"]
[EventDate "2019.10.05"]

1. d4 g6 2. Nf3 Bg7 3. c3 d6 4. Bg5 h6 5. Bh4 c6 6. e4 Nf6 7. Nbd2 O-O 8. h3 Nh5
9. g4 Nf4 10. Bg3 Ne6 11. Bd3 Nd7 12. Nh4 c5 13. d5 Nc7 14. f4 b5 15. a4 c4 16.
Bc2 e6 17. dxe6 Nxe6 18. axb5 Nxf4 19. Nxc4 d5 20. Ne3 dxe4 21. Bxe4 Re8 22. Qf3
g5 23. O-O-O Qa5 24. Bxa8 Bxc3 25. Kb1 Bxb2 26. Nc4 Qb4 27. Rh2 Bd4+ 28. Nb2 Re3
29. Qc6 Ne2 30. Qxc8+ Nf8 31. Rxd4 Nxd4 32. Qc4 Qxc4 33. Nxc4 Rxg3 34. Nf5 Nxf5
35. gxf5 Rb3+ 36. Rb2 Rxh3 37. Nd6 Nd7 38. Bc6 Nb6 39. f6 Rd3 40. Re2 Nd5 41.
Re8+ Kh7 42. Nxf7 Nxf6 43. Re7 Rd4 44. Rxa7 Kg6 45. Kc2 Nd5 46. Ne5+ Kf5 47. Nf3
Ne3+ 48. Kc3 Rd8 49. b6 g4 50. Nd4+ Ke5 51. b7 Nd1+ 52. Kb4 Rb8 53. Nb5 g3 54.
Ra8 Rxb7 55. Bxb7 h5 56. Rh8 Ne3 57. Rxh5+ Kf4 58. Nd4 1-0

[Event "Chigorin Memorial 2019"]
[Site "St Petersburg RUS"]
[Date "2019.10.05"]
[Round "1.31"]
[White "Pourramezanali, Amirreza"]
[Black "Pogosian, Vladimir"]
[Result "1-0"]
[WhiteTitle "GM"]
[WhiteElo "2487"]
[BlackElo "1997"]
[WhiteFideId "12511412"]
[BlackFideId "13301586"]
[EventDate "2019.10.05"]

1. e4 d6 2. d4 Nf6 3. Nc3 g6 4. Nf3 Bg7 5. h3 O-O 6. Be3 c6 7. a4 Qc7 8. a5 Nbd7
9. Be2 b5 10. axb6 Nxb6 11. O-O Be6 12. Nd2 d5 13. e5 Nfd7 14. f4 Nc4 15. Nxc4
dxc4 16. d5 cxd5 17. Nxd5 Bxd5 18. Qxd5 Nb6 19. Qc5 Qd7 20. Bf3 Rab8 21. Rfd1
Qf5 22. g4 Qc8 23. Rxa7 Qxc5 24. Bxc5 Nc8 25. Rb7 Rxb7 26. Bxb7 g5 27. Rd7 gxf4
28. Rc7 Bxe5 29. Rxc8 Rxc8 30. Bxc8 Kf8 31. b4 cxb3 32. cxb3 Ke8 33. Kg2 Bc7 34.
Kf3 Kd8 35. Bb7 Kd7 36. Ke4 e6 37. b4 Bb8 38. b5 e5 39. Bd5 f6 40. Kf5 1-0

[Event "Chigorin Memorial 2019"]
[Site "St Petersburg RUS"]
[Date "2019.10.05"]
[Round "1.32"]
[White "Aga, Rihard"]
[Black "Peng, Xiongjian"]
[Result "0-1"]
[WhiteElo "1960"]
[BlackElo "2476"]
[WhiteFideId "4505603"]
[BlackFideId "8610550"]
[EventDate "2019.10.05"]

1. d4 Nf6 2. c4 e6 3. Nc3 Bb4 4. Qc2 d5 5. c5 O-O 6. Bg5 h6 7. Bxf6 Qxf6 8. Nf3
b6 9. a3 Bxc3+ 10. Qxc3 bxc5 11. Qxc5 Na6 12. Qc6 Rb8 13. b4 Rb6 14. Qc2 c6 15.
e3 Nb8 16. Ne5 Nd7 17. Nxd7 Bxd7 18. Qc3 Qg6 19. Qd3 f5 20. g3 Rfb8 21. Be2 a5
22. bxa5 Rb2 23. O-O c5 24. Rfb1 c4 25. Qd1 Qe8 26. Qc1 Rxe2 27. Rxb8 Qxb8 28.
Rb1 Qa7 29. Qc3 Kf7 30. Rb6 Qc7 31. Rb1 Ra2 32. a6 Bc8 0-1

[Event "Chigorin Memorial 2019"]
[Site "St Petersburg RUS"]
[Date "2019.10.05"]
[Round "1.33"]
[White "Gagare, Shardul"]
[Black "Danilova, Rada"]
[Result "1-0"]
[WhiteTitle "GM"]
[BlackTitle "WCM"]
[WhiteElo "2474"]
[BlackElo "1986"]
[WhiteFideId "5037883"]
[BlackFideId "34156760"]
[EventDate "2019.10.05"]

1. e4 c5 2. Nf3 Nc6 3. Bb5 g6 4. Bxc6 dxc6 5. d3 Bg7 6. h3 Nf6 7. Nc3 Nd7 8. Be3
e5 9. Qd2 h6 10. O-O b6 11. Nh2 Nf8 12. f4 exf4 13. Bxf4 Ne6 14. Bg3 Qg5 15. Qe1
Nd4 16. Qf2 Be6 17. Ng4 Qe7 18. e5 Bxg4 19. hxg4 O-O 20. Ne4 Kh8 21. c3 Ne6 22.
Rae1 Ng5 23. Bh4 Rfe8 24. Bxg5 hxg5 25. Nd6 Rf8 26. Nxf7+ Kg8 27. e6 Rad8 28.
Qf3 Rd5 29. Qe4 Re8 30. Qxg6 Rf8 31. Nh6+ Kh8 32. Rxf8+ Qxf8 33. e7 1-0

[Event "Chigorin Memorial 2019"]
[Site "St Petersburg RUS"]
[Date "2019.10.05"]
[Round "1.34"]
[White "Izoitko, Alexey"]
[Black "Zhao, Yuanhe"]
[Result "0-1"]
[WhiteElo "1981"]
[BlackElo "2457"]
[WhiteFideId "24106062"]
[BlackFideId "8609497"]
[EventDate "2019.10.05"]

1. b4 Nf6 2. Bb2 g6 3. Nf3 Bg7 4. c4 O-O 5. e3 d6 6. d4 Nbd7 7. Nc3 Re8 8. Be2
e5 9. a4 a5 10. bxa5 exd4 11. Nxd4 Nc5 12. O-O Rxa5 13. Qc2 c6 14. h3 Qe7 15.
Bf3 Bd7 16. Rfe1 h5 17. Ba3 Nh7 18. Bb4 Ra6 19. Be2 Ng5 20. Kh2 Qe5+ 21. Kh1
Nce4 22. Bd3 Nxc3 23. f4 Qe7 24. Bxc3 Ne4 25. Bb2 Nc5 26. Bf1 Rea8 27. a5 Qe4
28. Qxe4 Nxe4 29. Reb1 Nd2 30. Rd1 Nxf1 31. Rxf1 c5 32. Nb5 Bxb2 33. Rab1 Bg7
34. Nc7 Bc6 35. Nxa8 Rxa8 36. Rf2 Rxa5 0-1

[Event "Chigorin Memorial 2019"]
[Site "St Petersburg RUS"]
[Date "2019.10.05"]
[Round "1.35"]
[White "Vogel, Roven"]
[Black "Erastov, Semen"]
[Result "1-0"]
[WhiteTitle "IM"]
[WhiteElo "2465"]
[BlackElo "1981"]
[WhiteFideId "12908088"]
[BlackFideId "34147141"]
[EventDate "2019.10.05"]

1. Nf3 d5 2. g3 Nf6 3. Bg2 g6 4. c4 c6 5. b3 Bg7 6. Bb2 O-O 7. O-O Nbd7 8. Qc2
Re8 9. d4 Ne4 10. Nbd2 Ndf6 11. Nxe4 Nxe4 12. Ne5 Nf6 13. e3 Be6 14. Qe2 Nd7 15.
Nd3 dxc4 16. Nf4 cxb3 17. Nxe6 fxe6 18. axb3 Nf8 19. h4 a6 20. h5 Qd7 21. hxg6
hxg6 22. Be4 Red8 23. b4 Qe8 24. Bc2 Rd5 25. Bc3 Qf7 26. Bb3 Rh5 27. Kg2 Qf5 28.
g4 Rg5 29. Kg3 Qf7 30. f4 Rd5 31. e4 Rdd8 32. e5 Rac8 33. Bb2 Rc7 34. f5 Rd5 35.
Bxd5 cxd5 36. fxg6 Qxg6 37. Rac1 Rxc1 38. Bxc1 Nd7 39. Rf2 Nb6 40. Qc2 Qxc2 41.
Rxc2 Nc4 42. Kh4 Kh7 43. Kh5 b6 44. g5 a5 45. bxa5 bxa5 46. Rf2 Kg8 47. g6 a4
48. Ra2 Nb6 49. Bh6 Bh8 50. Rb2 1-0

[Event "Chigorin Memorial 2019"]
[Site "St Petersburg RUS"]
[Date "2019.10.05"]
[Round "1.36"]
[White "Slastikhin, Vladislav"]
[Black "Yanchenko, Roman"]
[Result "0-1"]
[BlackTitle "FM"]
[WhiteElo "1980"]
[BlackElo "2454"]
[WhiteFideId "34157325"]
[BlackFideId "4137329"]
[EventDate "2019.10.05"]

1. d4 Nf6 2. Nf3 d5 3. c4 e6 4. Nc3 Be7 5. Bf4 O-O 6. e3 c6 7. h3 Nbd7 8. cxd5
exd5 9. Bd3 Re8 10. O-O Nf8 11. Be5 Ng6 12. Bxf6 Bxf6 13. b4 a6 14. Rc1 Nh4 15.
Nxh4 Bxh4 16. Ne2 Qd6 17. Qd2 Re6 18. Bf5 Rh6 19. Bxc8 Rxc8 20. a4 Bd8 21. b5
Bc7 22. Ng3 axb5 23. axb5 Qg6 24. bxc6 bxc6 25. Kh2 Re8 26. Ra1 Qe6 27. Ra7 Bb8
28. Rb7 g5 29. f3 Bd6 30. Qf2 Qxe3 31. Qxe3 Rxe3 32. Rd7 Bf4 33. Ra1 Rd6 0-1

[Event "Chigorin Memorial 2019"]
[Site "St Petersburg RUS"]
[Date "2019.10.05"]
[Round "1.37"]
[White "Bryakin, Mikhail"]
[Black "Ponomarev, Vsevolod"]
[Result "1-0"]
[WhiteTitle "FM"]
[WhiteElo "2436"]
[BlackElo "1980"]
[WhiteFideId "4165314"]
[BlackFideId "24239968"]
[EventDate "2019.10.05"]

1. d4 d5 2. Nf3 Nf6 3. Bf4 e6 4. e3 c5 5. c3 Nc6 6. Nbd2 Be7 7. h3 O-O 8. Bd3
Nh5 9. Bh2 f5 10. O-O c4 11. Bc2 Nf6 12. Ne5 Bd6 13. b3 cxb3 14. axb3 Bxe5 15.
Bxe5 Nxe5 16. dxe5 Ne4 17. Nxe4 fxe4 18. Qd4 b6 19. f3 exf3 20. gxf3 Qg5+ 21.
Kh2 Qh6 22. f4 Bb7 23. Rf3 Kh8 24. Raf1 Rf7 25. f5 Raf8 26. f6 Qh5 27. Bd1 Qh6
28. Rf4 Rg8 29. Rg1 gxf6 30. Rxg8+ Kxg8 31. exf6 Qf8 32. Qe5 Bc8 33. Bh5 1-0

[Event "Chigorin Memorial 2019"]
[Site "St Petersburg RUS"]
[Date "2019.10.05"]
[Round "1.38"]
[White "Pestryakov, Nikita"]
[Black "Korchmar, Vasiliy"]
[Result "0-1"]
[BlackTitle "IM"]
[WhiteElo "1978"]
[BlackElo "2432"]
[WhiteFideId "44130546"]
[BlackFideId "24131750"]
[EventDate "2019.10.05"]

1. e4 c5 2. Nf3 e6 3. c4 Nc6 4. Nc3 Nd4 5. d3 Ne7 6. Be2 Nec6 7. O-O Be7 8. Ne1
O-O 9. f4 d6 10. Nc2 a6 11. a4 Rb8 12. Be3 Bf6 13. Kh1 Bd7 14. g4 h6 15. Rg1
Nxc2 16. Qxc2 Nd4 17. Qd1 b5 18. axb5 axb5 19. h4 g6 20. f5 Be5 21. Kg2 Qxh4 22.
Bf2 Qh2+ 23. Kf1 bxc4 24. Rb1 Qh3+ 25. Ke1 cxd3 0-1

[Event "Chigorin Memorial 2019"]
[Site "St Petersburg RUS"]
[Date "2019.10.05"]
[Round "1.39"]
[White "Kardashevskiy, Evgeny"]
[Black "Kuznetsov, Mikhail"]
[Result "1-0"]
[WhiteTitle "FM"]
[WhiteElo "2428"]
[BlackElo "1971"]
[WhiteFideId "24108138"]
[BlackFideId "54126738"]
[EventDate "2019.10.05"]

1. d4 e6 2. Nf3 c5 3. e3 Nf6 4. c4 cxd4 5. exd4 d5 6. Nc3 Bb4 7. cxd5 Nxd5 8.
Bd2 Nc6 9. Bd3 O-O 10. O-O Bd7 11. a3 Be7 12. Re1 Bf6 13. Qe2 g6 14. Bh6 Bg7 15.
Bxg7 Kxg7 16. Be4 Nf6 17. Rad1 Qb8 18. Bb1 Ne7 19. Ne5 Bc6 20. Ba2 Bd5 21. Nxd5
Nexd5 22. Bxd5 exd5 23. Qb5 b6 24. Rc1 Qb7 25. Rc6 Rfd8 26. Rec1 Rac8 27. f3 a6
28. Qb4 b5 29. Qc5 Rxc6 30. Qxc6 Rb8 31. Qxb7 Rxb7 32. Rc6 a5 33. Kf2 Ne8 34.
Ke3 Re7 35. Kd2 Nc7 36. Rd6 Ne6 37. Nc6 Rc7 38. Nxa5 Nxd4 39. Rxd5 Nf5 40. Rxb5
Rd7+ 41. Kc3 Ne3 42. Rb7 Nd1+ 43. Kb3 Rd2 44. Nc4 Rxg2 45. Rd7 Rg1 46. a4 Rf1
47. Ne5 Kf6 48. Ng4+ Ke6 49. Rd3 f5 50. Ne3 Rxf3 51. Rxd1 Rxe3+ 52. Kc4 f4 53.
a5 Re2 54. b4 f3 55. a6 f2 56. Rf1 Kd6 57. a7 Ra2 58. Rxf2 Rxa7 59. Kb5 Rb7+ 60.
Ka5 Kd5 61. b5 Ra7+ 62. Kb6 Ra3 63. Rb2 g5 64. Kb7 Kd6 65. b6 Rf3 66. Ka7 Ra3+
67. Kb8 h5 68. b7 Rc3 69. Ka7 Kc6 70. Rb6+ 1-0

[Event "Chigorin Memorial 2019"]
[Site "St Petersburg RUS"]
[Date "2019.10.05"]
[Round "1.40"]
[White "Sapegin, Yaroslav"]
[Black "Vlasenko, Miroslav"]
[Result "0-1"]
[BlackTitle "IM"]
[WhiteElo "1967"]
[BlackElo "2430"]
[WhiteFideId "44168322"]
[BlackFideId "4151887"]
[EventDate "2019.10.05"]

1. d4 f5 2. Nc3 Nf6 3. Bg5 d5 4. Bxf6 exf6 5. e3 c6 6. Qf3 Na6 7. h4 h5 8. Nh3
g5 9. hxg5 fxg5 10. Qg3 Be7 11. Be2 Qc7 12. O-O-O Qxg3 13. fxg3 Kf7 14. Nf2 Kg6
15. Nd3 Bd6 16. Ne5+ Bxe5 17. dxe5 Nc5 18. Rh2 Nd7 19. g4 fxg4 20. e4 Nxe5 21.
exd5 Rd8 22. g3 Bf5 23. Rdh1 Rh8 24. dxc6 bxc6 25. Ba6 Rae8 26. Rd2 h4 27. Rd6+
Kg7 28. Bb7 hxg3 29. Rg1 Rh2 30. Rxg3 Nc4 0-1

[Event "Chigorin Memorial 2019"]
[Site "St Petersburg RUS"]
[Date "2019.10.05"]
[Round "1.41"]
[White "Gusain, Himal"]
[Black "Makhno, Maria"]
[Result "1-0"]
[WhiteTitle "IM"]
[WhiteElo "2420"]
[BlackElo "1960"]
[WhiteFideId "5033861"]
[BlackFideId "24173479"]
[EventDate "2019.10.05"]

1. c4 Nf6 2. Nc3 g6 3. e4 Bg7 4. d4 d6 5. f4 Bg4 6. Nf3 O-O 7. Bd3 c5 8. d5 a6
9. h3 Bd7 10. O-O b5 11. e5 Ne8 12. cxb5 Qb6 13. Na4 Qa7 14. b6 Qb7 15. Nc3 Qxb6
16. Rf2 Nc7 17. b3 Nb5 18. Ne4 Bf5 19. Bb2 Rd8 20. Neg5 h6 21. Nxf7 Kxf7 22.
Bxf5 gxf5 23. e6+ Kg8 24. Bxg7 Kxg7 25. Nh4 Rf8 26. Qh5 Rf6 27. Nxf5+ Kh7 28.
Nxh6 Rxh6 29. Qf7+ Kh8 30. Qf8+ Kh7 31. Qxe7+ Kh8 32. Qf8+ Kh7 33. Qf7+ Kh8 34.
e7 Nc7 35. Re1 Nd7 36. e8=Q+ Nxe8 37. Rxe8+ Rxe8 38. Qxe8+ Nf8 39. Qxf8+ Kh7 40.
Qf7+ Kh8 41. Re2 1-0

[Event "Chigorin Memorial 2019"]
[Site "St Petersburg RUS"]
[Date "2019.10.05"]
[Round "1.42"]
[White "Afanasieva, Alexandra"]
[Black "Bodnaruk, Anastasia"]
[Result "0-1"]
[WhiteTitle "WFM"]
[BlackTitle "IM"]
[WhiteElo "1957"]
[BlackElo "2415"]
[WhiteFideId "34126926"]
[BlackFideId "4181751"]
[EventDate "2019.10.05"]

1. e4 c5 2. Nf3 d6 3. d4 Nf6 4. dxc5 Qa5+ 5. Bd2 Qxc5 6. Bd3 e6 7. O-O Be7 8. c4
O-O 9. Nc3 a6 10. Qe2 Nbd7 11. Rac1 Qc7 12. b3 Re8 13. Nd4 g6 14. Kh1 Bf8 15. f4
Bg7 16. Nf3 b6 17. e5 dxe5 18. fxe5 Ng4 19. Bf4 Bb7 20. Ng5 Nh6 21. Nxh7 Kxh7
22. Bxh6 Bxh6 23. Rxf7+ Kg8 24. Bxg6 Rf8 25. Rcf1 Qxe5 26. Qc2 Bg7 27. Qf2 Qg5
28. Be4 Ne5 29. Rxf8+ Rxf8 30. Qe2 Rxf1+ 31. Qxf1 Bxe4 32. Nxe4 Qe3 33. Ng3 Nd3 0-1

[Event "Chigorin Memorial 2019"]
[Site "St Petersburg RUS"]
[Date "2019.10.05"]
[Round "1.43"]
[White "Polschikov, Alexey"]
[Black "Vankon, Alexander"]
[Result "1-0"]
[WhiteTitle "FM"]
[WhiteElo "2416"]
[BlackElo "1955"]
[WhiteFideId "24130583"]
[BlackFideId "34402020"]
[EventDate "2019.10.05"]

1. Nf3 Nf6 2. c4 g6 3. Nc3 Bg7 4. e4 d6 5. d4 O-O 6. Be2 e5 7. d5 a5 8. Bg5 h6
9. Be3 Ng4 10. Bd2 f5 11. h3 Nf6 12. exf5 Bxf5 13. Nh4 Nh7 14. g3 Na6 15. Qc1
Qf6 16. Bxh6 Nb4 17. Nxf5 Qxf5 18. O-O Qxh3 19. Be3 Nf6 20. Qd1 e4 21. Bg5 Qf5
22. Bxf6 Bxf6 23. Bg4 Qe5 24. Qe2 e3 25. f4 Qd4 26. Rad1 Qb6 27. Kg2 Kg7 28. Ne4
Nxa2 29. Nxf6 Kxf6 30. Rd3 Rae8 31. Be6 c6 32. b3 cxd5 33. cxd5 Rxe6 34. dxe6
Qc6+ 35. Kg1 Nb4 36. Qb2+ Kf5 37. Rxe3 Qc5 38. g4+ 1-0

[Event "Chigorin Memorial 2019"]
[Site "St Petersburg RUS"]
[Date "2019.10.05"]
[Round "1.44"]
[White "Yudkevich, Mikhail"]
[Black "Shubin, Kirill"]
[Result "0-1"]
[BlackTitle "IM"]
[WhiteElo "1954"]
[BlackElo "2416"]
[WhiteFideId "4134486"]
[BlackFideId "34119962"]
[EventDate "2019.10.05"]

1. d4 e6 2. c4 Nf6 3. g3 c5 4. d5 exd5 5. cxd5 d6 6. Nc3 g6 7. Bg2 Bg7 8. Nf3
O-O 9. O-O Re8 10. Bf4 Na6 11. Re1 h6 12. a4 g5 13. Bd2 Bf5 14. h4 g4 15. Nh2
Qd7 16. e4 Bg6 17. Bf4 Nb4 18. Qd2 Kh7 19. Re2 c4 20. e5 dxe5 21. Rxe5 Nd3 22.
Rxe8 Rxe8 23. Be3 Ne4 24. Nxe4 Bxe4 25. Bxe4+ Rxe4 26. Bxa7 Qxd5 27. Rd1 Qf5 28.
Nf1 Nxb2 29. Ne3 Qe6 30. Rc1 c3 31. Rxc3 Bxc3 32. Qxc3 Nxa4 33. Qc2 b6 0-1

[Event "Chigorin Memorial 2019"]
[Site "St Petersburg RUS"]
[Date "2019.10.05"]
[Round "1.45"]
[White "Smirnov, Artem"]
[Black "Dmitriev, Vladimir"]
[Result "1-0"]
[WhiteTitle "IM"]
[WhiteElo "2416"]
[BlackElo "1951"]
[WhiteFideId "4143256"]
[BlackFideId "4175069"]
[EventDate "2019.10.05"]

1. d4 d5 2. c4 c6 3. Nf3 Nf6 4. Nc3 e6 5. e3 Ne4 6. Bd3 f5 7. Ne5 Qh4 8. O-O Bd6
9. f4 O-O 10. Qb3 Nd7 11. cxd5 Bxe5 12. dxe6 Ndc5 13. dxc5 Nxc5 14. Qc4 Qe7 15.
fxe5 b5 16. Qd4 Rd8 17. Bxf5 Rxd4 18. exd4 Nxe6 19. Be3 Qb4 20. d5 Qxb2 21. Rac1
cxd5 22. Rf2 Qa3 23. Nxd5 Bd7 24. Rc3 Qa5 25. Bd2 Qxa2 26. Bxh7+ Kh8 27. Bf5 Ng5
28. Bxg5 Qa1+ 29. Rf1 Qxf1+ 30. Kxf1 Bxf5 31. Ne7 Be6 32. Rc6 Bc4+ 33. Ke1 a5
34. Rc8+ Rxc8 35. Nxc8 a4 36. Nd6 a3 37. Bc1 a2 38. Bb2 Bd5 39. Nxb5 Kg8 40. g3
g5 41. Kd2 Kf7 42. Ke3 Bb3 43. Nd4 Bd5 44. g4 Ke7 45. Nf3 1-0

[Event "Chigorin Memorial 2019"]
[Site "St Petersburg RUS"]
[Date "2019.10.05"]
[Round "1.46"]
[White "Novikov, Kirill"]
[Black "Abdisalimov, Abdimalik"]
[Result "0-1"]
[BlackTitle "FM"]
[WhiteElo "1950"]
[BlackElo "2409"]
[WhiteFideId "44153635"]
[BlackFideId "14206323"]
[EventDate "2019.10.05"]

1. e4 c5 2. Nf3 d6 3. d4 cxd4 4. Nxd4 Nf6 5. Nc3 a6 6. Be3 e6 7. g3 b5 8. a3 Bb7
9. Bg2 Nbd7 10. O-O Qc7 11. f3 Ne5 12. Bf2 Nc4 13. Qc1 Rc8 14. Nce2 d5 15. exd5
Nxd5 16. c3 e5 17. Nb3 Be7 18. Rd1 f5 19. f4 e4 20. g4 fxg4 21. Bxe4 Nf6 22.
Bxb7 Qxb7 23. Nbd4 O-O 24. Ne6 Rfe8 25. N2d4 Ne4 26. Qc2 Bf6 27. Re1 Bxd4 28.
Nxd4 Rcd8 29. Re2 Nxf2 30. Kxf2 Qc7 31. Rae1 Qxf4+ 32. Kg1 Qf8 33. a4 Rb8 34.
axb5 axb5 35. b3 Nd6 36. Rf1 Nf7 37. Ref2 Rb7 38. b4 Re5 39. Qa2 Qe8 40. Nf5 Re6
41. Qd5 Qd7 42. Qa2 Ra7 43. Qb3 g6 44. Nd4 Re7 45. Rf6 Kg7 46. Ne6+ Kh8 47. Rd1
Qe8 48. Rdf1 Ra6 49. Nc7 Rxc7 50. Rxa6 Qe3+ 51. Kg2 Qe4+ 52. Kg1 Ng5 53. Rf8+
Kg7 54. Qg8+ Kh6 55. Re8 Nh3+ 56. Kf1 Qf3+ 0-1

[Event "Chigorin Memorial 2019"]
[Site "St Petersburg RUS"]
[Date "2019.10.05"]
[Round "1.47"]
[White "Savitskiy, Sergey"]
[Black "Tskhadadze, Anna"]
[Result "1-0"]
[WhiteTitle "IM"]
[WhiteElo "2407"]
[BlackElo "1941"]
[WhiteFideId "24105660"]
[BlackFideId "4165098"]
[EventDate "2019.10.05"]

1. Nf3 d5 2. c4 e6 3. e3 Nf6 4. Nc3 Be7 5. Qc2 O-O 6. Be2 Nbd7 7. b3 c6 8. Bb2
b6 9. Rg1 Bb7 10. g4 c5 11. g5 Ne4 12. cxd5 exd5 13. Nxe4 dxe4 14. Nh4 Bd6 15.
Bxg7 Bxh2 16. Rg2 Be5 17. Bxe5 Nxe5 18. O-O-O Qd7 19. Rh1 Rfd8 20. f4 exf3 21.
Nxf3 Nd3+ 22. Kd1 Be4 23. Qc3 c4 24. g6 fxg6 25. Rh4 Qe7 26. Qxc4+ Bd5 27. Qxd3
Qf6 28. Qd4 Bxb3+ 29. axb3 Rxd4 30. Rxd4 Rc8 31. Rf2 Qf5 32. Bc4+ Kh8 33. Ke2 b5
34. Bd3 Qe6 35. Ng5 Qe7 36. Rd5 Rf8 37. Rxf8+ Qxf8 38. Rd8 1-0

[Event "Chigorin Memorial 2019"]
[Site "St Petersburg RUS"]
[Date "2019.10.05"]
[Round "1.48"]
[White "Alekseev, Mikhail"]
[Black "Radzhabov, Rodion"]
[Result "0-1"]
[BlackTitle "FM"]
[WhiteElo "1940"]
[BlackElo "2384"]
[WhiteFideId "34171069"]
[BlackFideId "884715"]
[EventDate "2019.10.05"]

1. e4 c5 2. c3 Nf6 3. e5 Nd5 4. d4 cxd4 5. Nf3 Nc6 6. cxd4 d6 7. Bc4 Nb6 8. Bb5
dxe5 9. Nxe5 Bd7 10. Bxc6 Bxc6 11. Nxc6 bxc6 12. O-O g6 13. Re1 Bg7 14. Bg5 O-O
15. Bxe7 Qxd4 16. Qxd4 Bxd4 17. Nc3 Rfe8 18. Rad1 Bxc3 19. bxc3 Nd5 20. Bb4
Rxe1+ 21. Rxe1 a5 22. Bc5 Nxc3 23. Kf1 Nxa2 24. Ra1 Nc3 25. Bb4 Nd5 26. Rxa5
Rxa5 27. Bxa5 Kf8 28. Ke2 Ke7 29. Kf3 Kd6 30. h4 Ke5 31. g4 c5 32. Bd2 c4 33. h5
Kd4 34. hxg6 hxg6 35. Ke2 Nc3+ 36. Kf3 Kd3 37. Bh6 Ne2 38. Bg7 c3 39. Bxc3 Nxc3
40. Kf4 Kd4 0-1